00327 a2200109 450000500170000002000180001708200170003524500450005226000550009730000500015270000150020220250506162013.0 a0-86003-552-2 a658.151 PHI aCase Studies in Management Accounting. aNew York,bPhilip Allan publishers Limited,c1988. ax, 227p.: Ill.;figures & tablebIndexc23cm. aOTLEY, D.